[Event "23rd EUR-ch"]
[Site "Vrnjacka Banja SRB"]
[Date "2023.03.10"]
[Round "8.21"]
[White "Warmerdam, Max"]
[Black "Petkov, Momchil"]
[Result "1-0"]
[WhiteElo "2614"]
[BlackElo "2526"]
[EventDate "2023.03.03"]
[PlyCount "87"]

1.Nf3 d5 2.g3 c5 3.Bg2 Nf6 4.O-O e6 5.c4 d4 6.e3 Nc6 7.d3 h6 8.Na3 e5 9.
exd4 exd4 10.Bf4 Bd6 11.Re1+ Be6 12.Ne5 O-O 13.Bxc6 bxc6 14.Nxc6 Qc7 15.
Bxd6 Qxd6 16.Ne5 Rfe8 17.Qf3 Nd7 18.Nxd7 Qxd7 19.h4 Bg4 20.Qd5 Qxd5 21.
cxd5 Rxe1+ 22.Rxe1 Rd8 23.Nc4 Rxd5 24.Re8+ Kh7 25.Kf1 Bf5 26.Ke2 Rd7 27.
Re5 Bg4+ 28.f3 f6 29.Rxc5 Re7+ 30.Kf2 Be6 31.b3 g6 32.g4 h5 33.gxh5 Bf5 
34.hxg6+ Bxg6 35.Rd5 Bxd3 36.Rxd4 Re2+ 37.Kg3 Bb1 38.a4 Kg6 39.b4 Bf5 40.
Nd6 Bc2 41.b5 Re3 42.Nc8 Ra3 43.Nxa7 Bxa4 44.b6 1-0

[Event "23rd EUR-ch"]
[Site "Vrnjacka Banja SRB"]
[Date "2023.03.10"]
[Round "8.22"]
[White "Dardha, Daniel"]
[Black "Yilmazyerli, Mert"]
[Result "1-0"]
[WhiteElo "2610"]
[BlackElo "2525"]
[EventDate "2023.03.03"]
[PlyCount "93"]

1.d4 d5 2.Nf3 Nf6 3.c4 e6 4.Nc3 c5 5.cxd5 Nxd5 6.e4 Nxc3 7.bxc3 cxd4 8.
cxd4 Bb4+ 9.Bd2 Bxd2+ 10.Qxd2 O-O 11.Bc4 Nd7 12.O-O b6 13.Rad1 Bb7 14.Rfe1
Nf6 15.d5 exd5 16.exd5 Qd6 17.Nd4 Qd7 18.Nc2 b5 19.Bb3 a5 20.Ne3 Rfe8 21.
a3 Ne4 22.Qd4 Nd6 23.Bc2 Rac8 24.Bd3 Qe7 25.h3 Qf6 26.Qb6 Qd8 27.Qd4 Qf6 
28.Qb6 Qd8 29.Qa7 Ra8 30.Qd4 Qf6 31.Qxf6 gxf6 32.Rb1 Ba6 33.Rec1 Red8 34.
Rc6 a4 35.Rb6 Ra7 36.Rc1 Nc4 37.Bxc4 bxc4 38.d6 Bc8 39.Rb8 Rf8 40.Rxc4 Be6
41.Rcb4 Rxb8 42.Rxb8+ Kg7 43.g4 h5 44.Kg2 hxg4 45.hxg4 Ra6 46.Rd8 Kg6 47.
d7 1-0

[Event "23rd EUR-ch"]
[Site "Vrnjacka Banja SRB"]
[Date "2023.03.10"]
[Round "8.23"]
[White "Guliev, Namig"]
[Black "Bartel, Mateusz"]
[Result "1-0"]
[WhiteElo "2528"]
[BlackElo "2609"]
[EventDate "2023.03.03"]
[PlyCount "153"]

1.e4 c6 2.d4 d5 3.Nc3 dxe4 4.Nxe4 Nf6 5.Nxf6+ exf6 6.c3 Bd6 7.Bd3 Na6 8.
Ne2 Nc7 9.O-O O-O 10.Qc2 g6 11.Bh6 Re8 12.Rad1 Nd5 13.Qd2 b5 14.b3 Bg4 15.
f3 Be6 16.c4 bxc4 17.bxc4 Nb4 18.c5 Nxd3 19.cxd6 Bc4 20.Qc2 Nb2 21.Rd2 Rb8
22.Rb1 Bd3 23.Rxd3 Nxd3 24.Rxb8 Qxb8 25.d7 Rd8 26.Qxd3 Qd6 27.h4 Qxd7 28.
Qc2 Qd5 29.Kf2 Re8 30.g4 Qd6 31.Kg2 Qd5 32.a4 Rb8 33.Kf2 Re8 34.Qb2 Qd6 
35.Ng3 Rd8 36.Be3 Re8 37.Qd2 h5 38.gxh5 Qe6 39.Ne4 gxh5 40.Qc3 Kg7 41.Bf4 
Qa2+ 42.Kg3 Rg8 43.Bd2 Qd5 44.Qe3 Kh7+ 45.Kf2 Rg6 46.a5 Qd7 47.Ke2 Qe6 48.
Nc5 Qh3 49.Qe4 Kg7 50.Nd3 Qh2+ 51.Nf2 Qd6 52.Be1 Rg2 53.Kf1 Rg6 54.Nd3 Qh2
55.Bf2 Qh1+ 56.Ke2 Qa1 57.Nf4 Qb2+ 58.Kf1 Qb5+ 59.Qd3 Qxd3+ 60.Nxd3 f5 61.
Nf4 Rd6 62.Nxh5+ Kh6 63.Nf4 Rd7 64.a6 Rd8 65.Nd3 Rb8 66.Bg3 Rb6 67.Nc5 Rb2
68.Ke1 f6 69.Ne6 Ra2 70.Nc5 Rb2 71.Kd1 Rb4 72.Ke2 Rxd4 73.Bb8 Rxh4 74.Bxa7
Rh2+ 75.Ke3 Kg5 76.Ne6+ Kg6 77.Bc5 1-0

[Event "23rd EUR-ch"]
[Site "Vrnjacka Banja SRB"]
[Date "2023.03.10"]
[Round "8.24"]
[White "Bjerre, Jonas Buhl"]
[Black "Sadikhov, Ulvi"]
[Result "1-0"]
[WhiteElo "2608"]
[BlackElo "2485"]
[EventDate "2023.03.03"]
[PlyCount "83"]

1.d4 Nf6 2.c4 g6 3.Nc3 Bg7 4.e4 d6 5.Nf3 O-O 6.Be2 e5 7.O-O exd4 8.Nxd4 
Re8 9.f3 c6 10.Kh1 d5 11.cxd5 cxd5 12.Bg5 Nc6 13.Bb5 h6 14.Nxc6 bxc6 15.
Bxc6 hxg5 16.Bxa8 d4 17.Ne2 d3 18.Ng3 Ba6 19.Bc6 Re6 20.Qa4 Qb6 21.Bd5 
Nxd5 22.exd5 Re5 23.Rfe1 Rxd5 24.Qe8+ Bf8 25.Re7 Qf6 26.Qa8 Qxb2 27.Rg1 
Bc4 28.Re8 Qa3 29.Ne4 Kg7 30.Rc8 d2 31.Rd8 Rxd8 32.Qxd8 Qxa2 33.Qxg5 Qb2 
34.Nxd2 Be6 35.Ne4 f5 36.Ng3 Kf7 37.Qf4 Be7 38.Ne4 a5 39.Ng5+ Bxg5 40.Qxg5
a4 41.Rc1 Qb6 42.Qh4 1-0

[Event "23rd EUR-ch"]
[Site "Vrnjacka Banja SRB"]
[Date "2023.03.10"]
[Round "8.25"]
[White "Alsina Leal, Daniel"]
[Black "Safarli, Eltaj"]
[Result "1/2-1/2"]
[WhiteElo "2522"]
[BlackElo "2608"]
[EventDate "2023.03.03"]
[PlyCount "131"]

1.e4 c5 2.Nf3 e6 3.d4 cxd4 4.Nxd4 Nc6 5.Nc3 Bc5 6.Ndb5 d6 7.Bf4 Ke7 8.Na4 
a6 9.Nxc5 axb5 10.Nb3 b4 11.Bd3 Nf6 12.O-O e5 13.Be3 Be6 14.h3 Nd7 15.Qe1 
Qc7 16.f4 exf4 17.Rxf4 Nde5 18.Nd4 Nxd4 19.Bxd4 b3 20.axb3 Rxa1 21.Qxa1 
Nxd3 22.cxd3 f6 23.Qd1 Rc8 24.Qh5 h6 25.Rf1 Rf8 26.b4 Qc6 27.Qg6 Rf7 28.
Qg3 Qb5 29.Bc3 Qg5 30.Qxg5 hxg5 31.Ra1 Rf8 32.Ra7 Rb8 33.Kf2 Bd7 34.Ke3 
Kd8 35.Bd4 Kc7 36.Ra5 Bc6 37.h4 gxh4 38.Rh5 Rd8 39.b5 Be8 40.b6+ Kc6 41.
Rxh4 Rd7 42.Rh1 Re7 43.Kf4 Bg6 44.Rc1+ Kd7 45.Rc3 Ke6 46.g4 d5 47.Bc5 Rd7 
48.exd5+ Kxd5 49.d4 Kc6 50.Re3 Bf7 51.Rh3 Rd8 52.Rh7 Rg8 53.Kf5 Kd5 54.g5 
fxg5 55.Kxg5 Re8 56.Rxg7 Rg8 57.Rxg8 Bxg8 58.Kf6 Kc6 59.Ke7 Bd5 60.b4 Kb5 
61.Kd6 Kc4 62.Kd7 Bh1 63.Kc8 Bg2 64.Kc7 Bh1 65.Kd6 Bg2 66.Kc7 1/2-1/2

[Event "23rd EUR-ch"]
[Site "Vrnjacka Banja SRB"]
[Date "2023.03.10"]
[Round "8.26"]
[White "Subelj, Jan"]
[Black "Can, Emre"]
[Result "1-0"]
[WhiteElo "2496"]
[BlackElo "2600"]
[EventDate "2023.03.03"]
[PlyCount "63"]

1.c4 g6 2.Nc3 Bg7 3.Nf3 Nf6 4.e4 d6 5.d4 Bg4 6.Be2 Bxf3 7.Bxf3 e5 8.d5 h5 
9.b3 a5 10.a3 Bh6 11.Bb2 Na6 12.b4 O-O 13.Qb3 Ng4 14.h3 Nf6 15.O-O Nh7 16.
c5 axb4 17.axb4 dxc5 18.b5 Nb4 19.Rxa8 Qxa8 20.Na4 b6 21.Bxe5 Qb8 22.Nb2 
Re8 23.Nc4 Ng5 24.Rd1 Bf8 25.h4 Nh7 26.Bf4 Qd8 27.d6 cxd6 28.Nxd6 Qf6 29.
Nxe8 Qxf4 30.Rd7 Qc1+ 31.Bd1 c4 32.Qf3 1-0

[Event "23rd EUR-ch"]
[Site "Vrnjacka Banja SRB"]
[Date "2023.03.10"]
[Round "8.27"]
[White "Mastrovasilis, Dimitrios"]
[Black "Parkhov, Yair"]
[Result "0-1"]
[WhiteElo "2599"]
[BlackElo "2485"]
[EventDate "2023.03.03"]
[PlyCount "106"]

1.e4 e5 2.Nf3 Nf6 3.d4 Nxe4 4.Bd3 d5 5.Nxe5 Nd7 6.Nxd7 Bxd7 7.O-O Bd6 8.
Nc3 Nxc3 9.bxc3 O-O 10.Qh5 f5 11.Re1 g6 12.Qf3 c6 13.Bf4 Qc7 14.Be5 Rae8 
15.Qf4 Bxe5 16.dxe5 c5 17.Rab1 Rf7 18.h4 Rfe7 19.Bf1 Bc6 20.h5 Rxe5 21.
hxg6 hxg6 22.Re3 R5e7 23.Qxc7 Rxc7 24.Rxe8+ Bxe8 25.g3 Bf7 26.Bg2 Kf8 27.
a4 Ke7 28.Kf1 Kd6 29.Ke2 Be8 30.a5 Bc6 31.Rh1 Re7+ 32.Kd2 c4 33.Rh6 Re6 
34.Bh3 Bd7 35.f4 Rf6 36.Rh7 a6 37.Bg2 Bc6 38.Rh8 Kc5 39.Bf3 Rd6 40.Ke3 
Re6+ 41.Kd2 b6 42.axb6 Kxb6 43.g4 a5 44.Rh6 Bd7 45.gxf5 gxf5 46.Rh7 Bc6 
47.Rf7 a4 48.Rf8 a3 49.Rb8+ Kc5 50.Rb1 d4 51.cxd4+ Kxd4 52.c3+ Kc5 53.Be2 
Re7 0-1

[Event "23rd EUR-ch"]
[Site "Vrnjacka Banja SRB"]
[Date "2023.03.10"]
[Round "8.28"]
[White "Ahmadzada, Ahmad"]
[Black "Pechac, Jergus"]
[Result "1/2-1/2"]
[WhiteElo "2487"]
[BlackElo "2598"]
[EventDate "2023.03.03"]
[PlyCount "91"]

1.e4 e5 2.Nf3 Nc6 3.Bb5 Nf6 4.O-O Nxe4 5.Re1 Nd6 6.Bf1 f6 7.d4 Nf7 8.Nc3 
d6 9.Rb1 g6 10.b4 Bg7 11.b5 Ne7 12.Bc4 h6 13.Nh4 O-O 14.Qd3 Kh7 15.f4 Bf5 
16.Nxf5 Nxf5 17.Bd5 Nxd4 18.Bxb7 Rb8 19.Bd5 c6 20.bxc6 Rxb1 21.Nxb1 Nxc6 
22.f5 Nh8 23.Ba3 Ne7 24.Bxd6 Nxd5 25.Qxd5 Qb6+ 26.Qc5 Rc8 27.Qxb6 axb6 28.
fxg6+ Nxg6 29.Na3 f5 30.g3 e4 31.Rd1 Bb2 32.Rd5 e3 33.Rd3 f4 34.Kf1 Re8 
35.Bxf4 Nxf4 36.gxf4 e2+ 37.Ke1 Bf6 38.Rh3 Bd4 39.Rf3 Re4 40.Nc4 Kg6 41.c3
Bf2+ 42.Rxf2 Rxc4 43.Rxe2 Rxc3 44.Re6+ Kf5 45.Rxb6 Rc2 46.Rxh6 1/2-1/2

[Event "23rd EUR-ch"]
[Site "Vrnjacka Banja SRB"]
[Date "2023.03.10"]
[Round "8.29"]
[White "Hovhannisian, Robert"]
[Black "Quparadze, Giga"]
[Result "1/2-1/2"]
[WhiteElo "2597"]
[BlackElo "2483"]
[EventDate "2023.03.03"]
[PlyCount "237"]

1.e4 c5 2.Nf3 e6 3.d4 cxd4 4.Nxd4 Nc6 5.Nc3 Qc7 6.Be2 a6 7.Nxc6 bxc6 8.Qd3
Bd6 9.Be3 Nf6 10.g4 h6 11.O-O-O Bf4 12.Qd2 Bxe3 13.Qxe3 Rb8 14.h4 Qb6 15.
Qxb6 Rxb6 16.g5 Ng8 17.e5 Ne7 18.Bd3 Nd5 19.Ne4 Ke7 20.Rdg1 Nf4 21.gxh6 
gxh6 22.h5 Rb4 23.Rg4 Nxd3+ 24.cxd3 c5 25.Rhg1 Bb7 26.Nf6 Rxg4 27.Rxg4 Bc6
28.Rg8 Rxg8 29.Nxg8+ Kf8 30.Nf6 Ke7 31.Kd2 d6 32.f4 Bf3 33.Ke3 Bd1 34.d4 
cxd4+ 35.Kxd4 d5 36.Kc3 Kf8 37.Kd2 Bf3 38.b4 Ke7 39.Ke3 Bd1 40.Kd4 Kf8 41.
Kc5 Ke7 42.b5 axb5 43.Kxb5 Be2+ 44.Kc5 Bd1 45.Kb4 Kd8 46.Ng8 Ke8 47.a4 Kd7
48.Nxh6 Bxh5 49.Kc5 Bg6 50.Ng8 Kc7 51.Ne7 Kb7 52.Nc6 Ka6 53.Kb4 Kb6 54.Nd4
Bd3 55.a5+ Kc7 56.Kc5 Kb7 57.Nc6 Kc7 58.Nb4 Be2 59.a6 Bf1 60.a7 Kb7 61.Nc6
Bh3 62.Nd8+ Kxa7 63.Nxf7 Kb7 64.Ng5 Bf5 65.Kd6 d4 66.Kc5 d3 67.Nf3 Ka6 68.
Nd2 Ka5 69.Nb3+ Ka6 70.Kc4 Kb6 71.Kc3 Kc6 72.Kc4 Kb6 73.Nd2 Kc6 74.Nf3 Kb6
75.Kc3 Kc5 76.Nd4 d2 77.Nb3+ Kd5 78.Nxd2 Bh7 79.Kb4 Kd4 80.Nb3+ Ke4 81.Kc5
Kxf4 82.Kd6 Bf5 83.Nd4 Bh3 84.Nxe6+ Kf5 85.Nd4+ Ke4 86.Nb3 Bg4 87.Nc5+ Kd4
88.Nb7 Ke4 89.Nd8 Bh3 90.Nf7 Bg4 91.Nh6 Bh3 92.Ng8 Bf5 93.Nf6+ Kd4 94.Nh5 
Bg4 95.Nf4 Ke4 96.Nd5 Bh3 97.Nc7 Bg4 98.Ne6 Bf5 99.Ng5+ Kf4 100.Nf7 Ke4 
101.Ke7 Kd5 102.Kf6 Be6 103.Nd6 Bd7 104.Nf5 Ke4 105.Nd6+ Kd5 106.Nf7 Be6 
107.Nh8 Bc8 108.Ng6 Bd7 109.Nf4+ Ke4 110.Ne2 Kd5 111.Nc1 Kc4 112.Ne2 Kd5 
113.Ng3 Bc8 114.Nf5 Bd7 115.Ne3+ Kd4 116.Nf5+ Kd5 117.Nd6 Kd4 118.e6 Bxe6 
119.Kxe6 1/2-1/2

[Event "23rd EUR-ch"]
[Site "Vrnjacka Banja SRB"]
[Date "2023.03.10"]
[Round "8.30"]
[White "Brkic, Ante"]
[Black "Velten, Paul"]
[Result "1-0"]
[WhiteElo "2596"]
[BlackElo "2478"]
[EventDate "2023.03.03"]
[PlyCount "85"]

1.e4 e5 2.Nf3 Nf6 3.d4 Nxe4 4.Bd3 d5 5.Nxe5 Nd7 6.Nc3 Nxc3 7.bxc3 Bd6 8.
O-O O-O 9.Re1 Bxe5 10.dxe5 Nc5 11.Bf1 Bf5 12.Be3 b6 13.c4 c6 14.Bxc5 bxc5 
15.Bd3 Be6 16.Qe2 Rb8 17.Rad1 Rb2 18.Qe3 Qa5 19.f4 dxc4 20.Be4 Bd5 21.f5 
Bxe4 22.Qxe4 Re8 23.Qxc6 Rbb8 24.e6 fxe6 25.Rxe6 Rf8 26.Re7 Qc3 27.Qe4 Kh8
28.h3 Qg3 29.Qg4 Qc3 30.Rdd7 Rg8 31.Kh2 a5 32.a4 Rbe8 33.Rxe8 Rxe8 34.Qe4 
Rf8 35.Rc7 Qf6 36.Rxc5 g6 37.fxg6 hxg6 38.Rc6 Qf4+ 39.Qxf4 Rxf4 40.Rxg6 c3
41.Rc6 Rxa4 42.Rxc3 Kg7 43.Rc6 1-0

[Event "23rd EUR-ch"]
[Site "Vrnjacka Banja SRB"]
[Date "2023.03.10"]
[Round "8.31"]
[White "Asadli, Vugar"]
[Black "Gurel, Ediz"]
[Result "0-1"]
[WhiteElo "2586"]
[BlackElo "2454"]
[EventDate "2023.03.03"]
[PlyCount "96"]

1.e4 e5 2.Nf3 Nf6 3.Nxe5 d6 4.Nf3 Nxe4 5.d4 d5 6.Bd3 Bd6 7.O-O O-O 8.c4 c6
9.Nc3 Nxc3 10.bxc3 dxc4 11.Bxc4 Bf5 12.Bg5 Qa5 13.Nh4 Be6 14.Bxe6 Qxg5 15.
Nf3 Qa5 16.Bh3 Qc7 17.Qd3 Nd7 18.Bxd7 Qxd7 19.Ng5 g6 20.Ne4 Be7 21.Rfe1 
Rad8 22.Rab1 b5 23.a4 a6 24.g3 Kg7 25.h4 Qd5 26.Nd2 Bf6 27.Ne4 Be7 28.axb5
axb5 29.Qe3 Qf5 30.Rb2 Rfe8 31.Rbe2 h5 32.Qc1 Rf8 33.Qb2 Qd5 34.Nd2 Bf6 
35.Qb4 Qd6 36.Qb1 Qd5 37.Re4 c5 38.Nf3 b4 39.c4 Qxc4 40.Rc1 Qd5 41.Rxc5 
Qb7 42.Rc4 b3 43.Rc3 b2 44.Re2 Rb8 45.Rd2 Rfe8 46.Rcd3 Qe4 47.Rd1 Rec8 48.
Ne1 Rc4 0-1

[Event "23rd EUR-ch"]
[Site "Vrnjacka Banja SRB"]
[Date "2023.03.10"]
[Round "8.32"]
[White "Stoyanov, Tsvetan"]
[Black "Paravyan, David"]
[Result "0-1"]
[WhiteElo "2446"]
[BlackElo "2584"]
[EventDate "2023.03.03"]
[PlyCount "114"]

1.e4 e5 2.Nf3 Nf6 3.d4 Nxe4 4.Bd3 Nc6 5.Nxe5 Nxe5 6.dxe5 Nc5 7.Bc4 d6 8.
Qf3 Ne6 9.exd6 Bxd6 10.Nc3 Qe7 11.Bb5+ Kf8 12.O-O Nd4 13.Qd1 Nxb5 14.Nxb5 
Bxh2+ 15.Kxh2 Qe5+ 16.Kg1 Qxb5 17.Qd8+ Qe8 18.Qxc7 Qe7 19.Qg3 Be6 20.Bf4 
Qf6 21.Rad1 h5 22.Be5 Qg6 23.Qh4 Kg8 24.Rd3 Qg4 25.Qe7 h4 26.Rd4 Qh5 27.
Qxb7 Re8 28.Qc6 Rc8 29.Qe4 Bf5 30.Qf4 Re8 31.Bc7 h3 32.g4 h2+ 33.Qxh2 Qg6 
34.Qg2 Bxc2 35.Bg3 Qb6 36.Qd5 Qh6 37.g5 Qh3 38.Qc6 Rc8 39.Qg2 Qf5 40.Rc1 
Be4 41.Qxe4 Rh1+ 42.Kg2 Qh3+ 43.Kf3 Rhxc1 44.Qh4 Qxh4 45.Rxh4 R8c4 46.Rh5 
Rc5 47.Bf4 R1c2 48.Be3 Rf5+ 49.Ke4 Rxb2 50.Bxa7 Rb4+ 51.Kd3 Rd5+ 52.Kc3 
Ra4 53.Be3 Rxa2 54.Kc4 Rd7 55.g6 fxg6 56.Rb5 Rc2+ 57.Kb3 Rcc7 0-1

[Event "23rd EUR-ch"]
[Site "Vrnjacka Banja SRB"]
[Date "2023.03.10"]
[Round "8.33"]
[White "Anton Guijarro, David"]
[Black "Seemann, Jakub"]
[Result "1-0"]
[WhiteElo "2685"]
[BlackElo "2424"]
[EventDate "2023.03.03"]
[PlyCount "81"]

1.e4 c6 2.d4 d5 3.e5 Bf5 4.h4 h5 5.c4 e6 6.Nc3 dxc4 7.Bxc4 Nd7 8.Nge2 Be7 
9.Be3 Nh6 10.Ng3 Bg6 11.Nxh5 Nf5 12.Nf4 Rxh4 13.Rxh4 Bxh4 14.Kf1 Nxe3+ 15.
fxe3 Qg5 16.Nxg6 Qxg6 17.Bd3 Qg3 18.Qf3 Qxf3+ 19.gxf3 Be7 20.Ke2 Kf8 21.
Rh1 Kg8 22.Bh7+ Kf8 23.f4 Rd8 24.f5 exf5 25.Bxf5 Ke8 26.Rh7 Bf8 27.Ne4 Ke7
28.Rh8 b6 29.b4 g6 30.Bh3 Bg7 31.Rxd8 Kxd8 32.Ng5 Bf8 33.Nxf7+ Kc7 34.b5 
cxb5 35.e4 b4 36.Kd1 a5 37.Bf1 a4 38.Bb5 b3 39.axb3 a3 40.Kc2 Bb4 41.Kb1 
1-0

[Event "23rd EUR-ch"]
[Site "Vrnjacka Banja SRB"]
[Date "2023.03.10"]
[Round "8.34"]
[White "Wojtaszek, Radoslaw"]
[Black "Petrov, Martin"]
[Result "1/2-1/2"]
[WhiteElo "2682"]
[BlackElo "2505"]
[EventDate "2023.03.03"]
[PlyCount "65"]

1.d4 Nf6 2.c4 e6 3.Nf3 b6 4.g3 Ba6 5.b3 Bb4+ 6.Bd2 Be7 7.Nc3 d5 8.cxd5 
exd5 9.Bg2 O-O 10.O-O Re8 11.Ne5 Bb7 12.Rc1 Nbd7 13.Rc2 h6 14.Bf4 Nf8 15.
Bc1 c6 16.Bb2 Rc8 17.e3 Bd6 18.Nd3 Qd7 19.Re1 c5 20.dxc5 bxc5 21.Ne2 N8h7 
22.Bxf6 Nxf6 23.Ndf4 d4 24.exd4 Bxf4 25.Nxf4 Rxe1+ 26.Qxe1 Bxg2 27.Kxg2 
cxd4 28.Rxc8+ Qxc8 29.Qd2 Qc6+ 30.f3 Nd5 31.Ne2 Ne3+ 32.Kf2 Nc2 33.Nxd4 
1/2-1/2

[Event "23rd EUR-ch"]
[Site "Vrnjacka Banja SRB"]
[Date "2023.03.10"]
[Round "8.35"]
[White "Fernandez, Daniel Howard"]
[Black "Saric, Ivan"]
[Result "0-1"]
[WhiteElo "2498"]
[BlackElo "2674"]
[EventDate "2023.03.03"]
[PlyCount "86"]

1.Nf3 d5 2.d4 Nf6 3.Bf4 c5 4.e3 Nc6 5.Nbd2 e6 6.c3 Nh5 7.Bg3 Nxg3 8.hxg3 
Bd7 9.a3 cxd4 10.cxd4 Bd6 11.Rc1 Rc8 12.Nb3 b6 13.Ba6 Rc7 14.Nbd2 f5 15.
Nb1 O-O 16.Nc3 Na5 17.Ne5 Be8 18.b4 Bxe5 19.dxe5 Nc4 20.Bxc4 Rxc4 21.Ne2 
Re4 22.Qc2 Rxe5 23.Qc7 Qf6 24.Qxa7 Bb5 25.Nd4 f4 26.Nxb5 fxg3 27.f3 Qg5 
28.Qxb6 Rxe3+ 29.Kd2 Re1+ 30.Kd3 Rxc1 31.Qxe6+ Kh8 32.Nd6 Rc7 33.Re1 h6 
34.Nb5 Rc1 35.a4 Rxe1 36.Qxe1 Qf5+ 37.Kd4 Qf4+ 38.Kxd5 Rd8+ 39.Kc6 Rc8+ 
40.Kd7 Qf5+ 41.Qe6 Rd8+ 42.Kxd8 Qxe6 43.Kc7 Qe2 0-1

[Event "23rd EUR-ch"]
[Site "Vrnjacka Banja SRB"]
[Date "2023.03.10"]
[Round "8.36"]
[White "Naer, Evgeny"]
[Black "Gorshtein, Ido"]
[Result "1/2-1/2"]
[WhiteElo "2666"]
[BlackElo "2498"]
[EventDate "2023.03.03"]
[PlyCount "121"]

1.e4 c6 2.d4 d5 3.e5 Bf5 4.Nd2 e6 5.Nb3 Nd7 6.Nf3 a6 7.Be2 c5 8.c3 c4 9.
Nbd2 h6 10.Nf1 Ne7 11.Ng3 Bh7 12.O-O Nf5 13.Nh5 g6 14.Ng3 b5 15.Nxf5 gxf5 
16.g3 Nb6 17.Bf4 Bg6 18.Nh4 h5 19.Ng2 Be7 20.h4 a5 21.b3 a4 22.bxc4 Nxc4 
23.Rb1 Qd7 24.Bxc4 bxc4 25.Qd2 Qc6 26.Bg5 Bf8 27.Bf6 Rg8 28.Qb2 f4 29.Nxf4
Bxb1 30.Rxb1 Kd7 31.Nxh5 Kc7 32.a3 Qa6 33.Qc2 Rg6 34.Nf4 Rh6 35.h5 Rb8 36.
Rxb8 Kxb8 37.g4 Qb5 38.g5 Qb3 39.Qd2 Rh7 40.Kg2 Qb1 41.Qe2 Bxa3 42.Nxe6 
Qf5 43.Nd8 Kc8 44.e6 fxe6 45.Nxe6 Kd7 46.Nd8 Be7 47.Nb7 Bxf6 48.Nc5+ Kd6 
49.gxf6 Qxf6 50.Qb2 Kc6 51.Qa3 Rg7+ 52.Kf1 Ra7 53.h6 Qxh6 54.Nxa4 Qd6 55.
Qa2 Rh7 56.Nc5 Rh1+ 57.Ke2 Qe7+ 58.Kf3 Qf7+ 59.Kg2 Qg6+ 60.Kxh1 Qh5+ 61.
Kg2 1/2-1/2

[Event "23rd EUR-ch"]
[Site "Vrnjacka Banja SRB"]
[Date "2023.03.10"]
[Round "8.37"]
[White "Donchenko, Alexander"]
[Black "Blohberger, Felix"]
[Result "1-0"]
[WhiteElo "2653"]
[BlackElo "2493"]
[EventDate "2023.03.03"]
[PlyCount "75"]

1.c4 c5 2.Nf3 g6 3.d4 cxd4 4.Nxd4 Nc6 5.e4 Nf6 6.Nc3 d6 7.Be2 Nxd4 8.Qxd4 
Bg7 9.O-O O-O 10.Qd3 Bd7 11.Be3 a6 12.Rfd1 b5 13.cxb5 axb5 14.Nxb5 Bxb5 
15.Qxb5 Nxe4 16.Bf3 Rb8 17.Qa4 Nf6 18.b4 d5 19.Qb3 e6 20.a4 Ne4 21.Rac1 
Nd6 22.b5 Qa5 23.Rc6 Nf5 24.Bd2 Qa8 25.Rcc1 Nd4 26.Qb4 e5 27.Re1 Rfc8 28.
Bd1 Rxc1 29.Bxc1 Nc6 30.Qb1 Na5 31.Bb3 Nxb3 32.Qxb3 Qa5 33.Rd1 Ra8 34.Qxd5
Bf6 35.g3 Qxa4 36.Bh6 e4 37.b6 Rb8 38.Qd6 1-0

[Event "23rd EUR-ch"]
[Site "Vrnjacka Banja SRB"]
[Date "2023.03.10"]
[Round "8.38"]
[White "Kovacevic, Aleksandar"]
[Black "Kovalev, Vladislav"]
[Result "1/2-1/2"]
[WhiteElo "2489"]
[BlackElo "2623"]
[EventDate "2023.03.03"]
[PlyCount "20"]

1.e4 e5 2.Nf3 Nc6 3.Nc3 Nf6 4.d4 exd4 5.Nxd4 Bb4 6.Nxc6 bxc6 7.Bd3 O-O 8.
O-O d5 9.exd5 cxd5 10.h3 c6 1/2-1/2

[Event "23rd EUR-ch"]
[Site "Vrnjacka Banja SRB"]
[Date "2023.03.10"]
[Round "8.39"]
[White "Kollars, Dmitrij"]
[Black "Samunenkov, Ihor"]
[Result "1-0"]
[WhiteElo "2618"]
[BlackElo "2488"]
[EventDate "2023.03.03"]
[PlyCount "117"]

1.e4 c5 2.Nf3 g6 3.d4 cxd4 4.Nxd4 Nc6 5.Nc3 Bg7 6.Be3 Nf6 7.Bc4 O-O 8.Bb3 
Re8 9.h3 d6 10.a4 Bd7 11.O-O Na5 12.Ba2 Qc8 13.Qe2 Nc6 14.Rad1 Nxd4 15.
Bxd4 Be6 16.Bd5 Bxd5 17.exd5 Nd7 18.Rfe1 Ne5 19.b3 Nd7 20.Ne4 Qc7 21.Bxg7 
Kxg7 22.c4 Nc5 23.Ng5 h6 24.Qb2+ Kg8 25.Nf3 e5 26.dxe6 Rxe6 27.Rxe6 Nxe6 
28.Nd4 Nc5 29.Qd2 Kh7 30.Nb5 Qd7 31.Nxd6 Rd8 32.Qf4 Nxb3 33.Rd5 Qe6 34.Re5
g5 35.Qe3 Qf6 36.Rf5 Qxd6 37.Rd5 Qf6 38.Qd3+ Kg7 39.Rxd8 Nc5 40.Qd1 Nxa4 
41.Rd6 Nc3 42.Rxf6 Nxd1 43.Rf3 Nb2 44.Rb3 Nxc4 45.Rxb7 h5 46.Rxa7 Ne5 47.
Kf1 Kg6 48.Ke2 f6 49.Ra4 Kh6 50.Ke3 Kg6 51.Ke4 Nf7 52.Ra6 Nh6 53.Ra5 Nf7 
54.Rd5 Nh6 55.g3 Nf7 56.f4 f5+ 57.Ke3 h4 58.g4 fxg4 59.hxg4 1-0

[Event "23rd EUR-ch"]
[Site "Vrnjacka Banja SRB"]
[Date "2023.03.10"]
[Round "8.40"]
[White "Gharibian, Mamikon"]
[Black "Socko, Bartosz"]
[Result "1-0"]
[WhiteElo "2491"]
[BlackElo "2618"]
[EventDate "2023.03.03"]
[PlyCount "157"]

1.d4 e6 2.c4 b6 3.Nf3 Bb7 4.g3 Bb4+ 5.Bd2 Bxf3 6.exf3 Bxd2+ 7.Qxd2 Nf6 8.
Nc3 d5 9.cxd5 Nxd5 10.Bg2 Nc6 11.f4 Nce7 12.O-O O-O 13.Rac1 Qd7 14.Rfd1 
Rac8 15.Ne4 Rfd8 16.Ng5 h6 17.Nf3 Qa4 18.Ne5 Qxa2 19.Ra1 Qb3 20.Ra4 a5 21.
Rxa5 Rb8 22.Ra7 Ra8 23.Rda1 Rxa7 24.Rxa7 Nf5 25.Bf1 Rc8 26.Bc4 Qb4 27.Qxb4
Nxb4 28.Ra4 Nd5 29.Bxd5 exd5 30.g4 Nd6 31.f5 Re8 32.Kg2 Nb5 33.Nc6 f6 34.
Rb4 Nd6 35.Rb3 Kf7 36.f3 Re2+ 37.Kg3 Nc4 38.Nb4 Ke7 39.Nxd5+ Kd6 40.Nf4 
Rxb2 41.Rc3 b5 42.Rc1 c6 43.Re1 Rd2 44.Ne6 b4 45.Nxg7 Rxd4 46.Ne8+ Kc5 47.
Nxf6 b3 48.Ne4+ Kb4 49.f6 b2 50.Rb1 Ka3 51.h4 Ne5 52.g5 Rd3 53.Kf4 Ng6+ 
54.Kg4 Ne5+ 55.Kf5 Nxf3 56.f7 Nxh4+ 57.Kf6 Rf3+ 58.Kg7 hxg5 59.Nf6 Nf5+ 
60.Kh8 Rh3+ 61.Nh7 Ka2 62.Rxb2+ Kxb2 63.f8=Q Nd4 64.Qf2+ Kc3 65.Qe1+ Kc2 
66.Qe4+ Kc3 67.Kg7 c5 68.Nxg5 Rg3 69.Qe1+ Kc4 70.Kf6 Ra3 71.Qc1+ Rc3 72.
Qf1+ Kb3 73.Qb1+ Kc4 74.Ne4 Rf3+ 75.Ke7 Kd5 76.Nf6+ Kc4 77.Nd7 Re3+ 78.Kd8
Rc3 79.Nb6# 1-0

[Event "23rd EUR-ch"]
[Site "Vrnjacka Banja SRB"]
[Date "2023.03.10"]
[Round "8.41"]
[White "Ivic, Velimir"]
[Black "Gokerkan, Cem Kaan"]
[Result "1-0"]
[WhiteElo "2606"]
[BlackElo "2486"]
[EventDate "2023.03.03"]
[PlyCount "73"]

1.e4 c5 2.Nf3 d6 3.d4 cxd4 4.Nxd4 Nf6 5.Nc3 a6 6.Be3 e5 7.Nb3 Be6 8.f3 h5 
9.Nd5 Bxd5 10.exd5 Nbd7 11.Qd2 g6 12.O-O-O Nb6 13.Qa5 Bh6 14.Bxh6 Rxh6 15.
Qd2 Rh8 16.f4 Nbd7 17.Be2 Kf8 18.fxe5 Nxe5 19.Rhf1 Kg7 20.Kb1 Re8 21.Rf4 
Qe7 22.Rdf1 Ned7 23.Bd3 Qe5 24.c4 Re7 25.h3 Rae8 26.a3 Qg5 27.Ka2 Re3 28.
Nd4 Qg3 29.Bf5 R8e7 30.Qb4 Re1 31.R1f3 Qxg2 32.Bxd7 Nxd7 33.Ne6+ fxe6 34.
Qxe1 e5 35.Qh4 exf4 36.Qxe7+ Kh6 37.Rxf4 1-0

[Event "23rd EUR-ch"]
[Site "Vrnjacka Banja SRB"]
[Date "2023.03.10"]
[Round "8.42"]
[White "Clarke, Brandon"]
[Black "Yuffa, Daniil"]
[Result "1/2-1/2"]
[WhiteElo "2475"]
[BlackElo "2605"]
[EventDate "2023.03.03"]
[PlyCount "33"]

1.e4 c6 2.Nf3 d5 3.Nc3 Bg4 4.h3 Bxf3 5.Qxf3 e6 6.Be2 g6 7.O-O Bg7 8.d3 Ne7
9.Qg3 Nd7 10.Bf4 e5 11.Bg5 d4 12.Nb1 h6 13.Bc1 c5 14.h4 h5 15.Na3 Nc6 16.
Bg5 Qc7 17.c3 1/2-1/2

[Event "23rd EUR-ch"]
[Site "Vrnjacka Banja SRB"]
[Date "2023.03.10"]
[Round "8.43"]
[White "Iskandarov, Misratdin"]
[Black "Nevednichy, Vladislav"]
[Result "1-0"]
[WhiteElo "2598"]
[BlackElo "2457"]
[EventDate "2023.03.03"]
[PlyCount "111"]

1.c4 Nf6 2.Nc3 g6 3.Nf3 Bg7 4.g3 O-O 5.Bg2 d6 6.d4 Nc6 7.O-O e5 8.d5 Nb8 
9.e4 a5 10.Ne1 Na6 11.Nd3 Nd7 12.Be3 Ndc5 13.Nxc5 Nxc5 14.Qd2 f5 15.exf5 
gxf5 16.Bxc5 dxc5 17.Rfe1 e4 18.Kh1 Ra6 19.Ne2 a4 20.Rab1 Rb6 21.f3 Qf6 
22.b3 axb3 23.axb3 Bh6 24.Nf4 Kh8 25.Qe3 Qd4 26.Rbd1 Qxe3 27.Rxe3 Bxf4 28.
gxf4 Rbf6 29.Ra1 b5 30.fxe4 fxe4 31.Rxe4 Bf5 32.Re7 bxc4 33.bxc4 Rc8 34.
Rae1 Kg8 35.Be4 Bg6 36.Bxg6 hxg6 37.Re8+ Rxe8 38.Rxe8+ Kf7 39.Rc8 Rxf4 40.
Rxc7+ Kf6 41.Rxc5 Rf2 42.d6 Ke6 43.Rd5 Kd7 44.c5 Rc2 45.Kg1 Kd8 46.d7 g5 
47.h3 Rc4 48.Kf2 Rc3 49.Kg2 Rc1 50.Kf3 Rc4 51.Kg3 Rc1 52.Kg4 Rc3 53.Kxg5 
Rxh3 54.c6 Rg3+ 55.Kf4 Rc3 56.Rd6 1-0

[Event "23rd EUR-ch"]
[Site "Vrnjacka Banja SRB"]
[Date "2023.03.10"]
[Round "8.44"]
[White "Samadov, Read"]
[Black "Kobalia, Mikhail"]
[Result "0-1"]
[WhiteElo "2471"]
[BlackElo "2577"]
[EventDate "2023.03.03"]
[PlyCount "150"]

1.d4 d5 2.c4 c6 3.Nf3 Nf6 4.Nc3 e6 5.Bg5 Nbd7 6.e3 h6 7.Bh4 Be7 8.Rc1 O-O 
9.Bd3 dxc4 10.Bxc4 b5 11.Bd3 Bb7 12.O-O a6 13.a4 b4 14.Bxf6 Nxf6 15.Ne4 
Nd7 16.Bb1 Rc8 17.Qc2 g6 18.Rfd1 Qc7 19.Nc5 Nxc5 20.dxc5 Rfd8 21.Nd4 Bf6 
22.Qc4 a5 23.Be4 Kg7 24.Rd2 e5 25.Nf3 Rxd2 26.Nxd2 Rd8 27.Qe2 Bc8 28.Nc4 
Be7 29.Nb6 Be6 30.g4 f5 31.gxf5 gxf5 32.Bd3 Kh7 33.Bc4 Rg8+ 34.Kf1 Bxc4 
35.Qxc4 e4 36.Qf7+ Kh8 37.Nc4 Qxh2 38.Ke2 f4 39.exf4 Bxc5 40.Qf6+ Rg7 41.
Rf1 Qh5+ 42.Ke1 Be7 43.Qxc6 b3 44.Kd2 Qf3 45.Kc1 Qxf4+ 46.Kb1 Bb4 47.Qe6 
Re7 48.Qc8+ Kh7 49.Ne3 Rg7 50.Qc4 Qf7 51.Nd5 Bd2 52.Qd4 Bg5 53.Qxe4+ Qg6 
54.Qxg6+ Rxg6 55.f4 Bd8 56.Rd1 Rd6 57.Kc1 h5 58.Nf6+ Rxf6 59.Rxd8 h4 60.
Kd2 h3 61.Kc3 Rxf4 62.Kxb3 Rh4 63.Rd1 Kg6 64.Rh1 Kf5 65.Kc3 h2 66.b3 Ke5 
67.Kd3 Kd5 68.Kc3 Kc5 69.Kc2 Rh5 70.Kc3 Rh3+ 71.Kb2 Kb4 72.Kc2 Rh8 73.Kb2 
Rh4 74.Kc2 Rh3 75.Kb2 Rxb3+ 0-1